000 01034nam a22003137a 4500
001 BR9800113
003 BR-BrBNA
005 20230928095803.0
007 ta
008 230509b bl.||||| |||| 00| 0 por d
040 _aBR-BrBNA
_bpor
_cBiblioteca Nacional de Agricultura
041 _a(Por)
072 _aP34; H20
_b3240
_b4120
090 _ 3240 BR9800113
100 1 _aEstrada, K.R.F.S.
110 1 _aEscola Superior de Agricultura Luiz de Queiroz, Piracicaba, SP (Brasil)
_0Tese (Doutor em Agronomia)
245 1 _aCaracterizacao enzimatica de fungos ectomicorrizicos e o envolvimento de enzimas celuloliticas na simbiose Eucalyptus urophylla - Pisolithus tinctorius
260 3 _aPiracicaba, SP (Brasil):
_c1997.
300 _a135 p.
500 _aBibliography p. 104-127; 36 illus.; Summaries (Eng, Por)
650 _aEucalipto
650 _aFungo
650 _aMicorriza
650 _aSimbiose
650 _aCelulose
650 _aAtividade Enzimica
909 _a202309
_bLucia
_c55
_dLucia Elande
942 _cBK
999 _c58655
_d58655